|
|
|
|
| LEADER |
01699cas a2200241 a 4500 |
| 001 |
AALejournalIMF010109 |
| 008 |
230101c9999 xx r poo 0 0eng d |
| 020 |
|
|
|c 5.00 USD
|
| 020 |
|
|
|z 9781451974133
|
| 022 |
|
|
|a 1018-5941
|
| 040 |
|
|
|a BD-DhAAL
|c BD-DhAAL
|
| 110 |
2 |
|
|a International Monetary Fund.
|
| 245 |
1 |
0 |
|a International Monetary System :
|b Developments and Prospects.
|
| 264 |
|
1 |
|a Washington, D.C. :
|b International Monetary Fund,
|c 1988.
|
| 300 |
|
|
|a 1 online resource (26 pages)
|
| 490 |
1 |
|
|a IMF Working Papers
|
| 500 |
|
|
|a <strong>Off-Campus Access:</strong> No User ID or Password Required
|
| 500 |
|
|
|a <strong>On-Campus Access:</strong> No User ID or Password Required
|
| 506 |
|
|
|a Electronic access restricted to authorized BRAC University faculty, staff and students
|
| 520 |
3 |
|
|a This paper addresses several fundamental issues raised by recent developments in the world economy and considers their implications for the design and functioning of the international monetary system. We do not make any proposals. The four issues examined in the paper are: (1) Can the exchange rate regime do much to discipline fiscal policy?; (2) What are the extent and costs of reduced monetary independence under greater fixity of exchange rates?; (3) How can the equilibrium exchange rate best be determined?; and (4) Does a well functioning international monetary system require a clearly defined set of rules, an acknowledged leader, and an explicit anchor?.
|
| 538 |
|
|
|a Mode of access: Internet
|
| 830 |
|
0 |
|a IMF Working Papers; Working Paper ;
|v No. 1988/045
|
| 856 |
4 |
0 |
|z Full text available on IMF
|u http://elibrary.imf.org/view/journals/001/1988/045/001.1988.issue-045-en.xml
|z IMF e-Library
|